000 005420000a22001810004500
003 MACL
005 20160423171704.0
008 160423b xxu||||| |||| 00| 0 eng d
040 _aMACL
_cMACL
041 _aHindi
082 _a800
100 _aरामजी यादव
_953787
245 _aज्‍योतिबा फुले संचयन
260 _aदिल्‍ली
_bभारतीय पुस्‍तक परिषद
_c2011
350 _a700
650 _aLiteracture
_953788
942 _cHIN
_k800/JOY
_2ddc
999 _c47860
_d47860